Loading...
| Mythology | 0 | 1 | 0 | 0 | 10 | 70 | 70.00 | 0 | 1 |
| Fine Arts - Painting and Sculpture | 0 | 1 | 0 | 0 | 10 | 104 | 104.00 | 0 | 0 |
| Geography | 0 | 1 | 0 | 0 | 10 | 79 | 79.00 | 0 | 1 |
| History - Other History | 0 | 1 | 0 | 1 | 10 | 130 | 130.00 | 0 | 0 |
| Science - Other Science | 0 | 1 | 0 | 0 | 10 | 48 | 48.00 | 1 | 1 |
| Philosophy | 0 | 1 | 0 | 0 | 10 | 146 | 146.00 | 0 | 0 |
| Fine Arts - Other Fine Arts | 0 | 1 | 1 | 0 | 5 | 145 | 145.00 | 0 | 0 |
| Science - Chemistry | 0 | 0 | 0 | 0 | 0 | 0.00 | 0 | 0 | |
| History - World History | 0 | 0 | 0 | 0 | 0 | 0.00 | 0 | 0 | |
| Literature - European Literature | 0 | 0 | 1 | 0 | -5 | 0.00 | 0 | 0 | |
| Pop Culture | 0 | 0 | 1 | 0 | -5 | 0.00 | 0 | 0 |